Hindustaan: (Record no. 93075)
[ view plain ]
| 000 -LEADER | |
|---|---|
| fixed length control field | 00503nam a22001697a 4500 |
| 005 - DATE AND TIME OF LATEST TRANSACTION | |
| control field | 20240923151857.0 |
| 010 ## - LCCN (DPL NO) | |
| LC control number | ENG-112846 |
| 020 ## - INTERNATIONAL STANDARD BOOK NUMBER | |
| Terms of availability | 295.00 |
| International Standard Book Number | 9789380828473 |
| 035 ## - SYSTEM CONTROL NUMBER | |
| System control number | EN-96378 |
| 037 ## - SOURCE OF ACQUISITION | |
| Source of stock number/acquisition | DBAD/PUB |
| 100 ## - MAIN ENTRY--PERSONAL NAME | |
| Personal name | Dhar, Mainak |
| 245 ## - TITLE STATEMENT | |
| Title | Hindustaan: |
| Remainder of title | what if the british never conquered india?/ |
| Statement of responsibility, etc | by Mainak Dhar |
| 260 ## - PUBLICATION, DISTRIBUTION, ETC. (IMPRINT) | |
| Place of publication, distribution, etc | New Delhi |
| Name of publisher, distributor, etc | Vitasta Publishing |
| Date of publication, distribution, etc | 2012 |
| 270 ## - ADDRESS | |
| Address | 2/15, Ansari Road, Daryaganj, |
| City | New Delhi |
| Postal code | 110002 |
| 300 ## - PHYSICAL DESCRIPTION | |
| Extent | 285p. |
| Dimensions | 21cm(pbk) |
| 942 ## - ADDED ENTRY ELEMENTS (KOHA) | |
| Source of classification or shelving scheme | Dewey Decimal Classification |
| Item type | English Books |
| Call number suffix | DHA |
| Withdrawn status | Lost status | Not for loan | Collection code | Home library | Current library | Date acquired | Source of acquisition | Cost, normal purchase price | Full call number | Barcode | Copy number | Cost, replacement price | Koha item type |
|---|---|---|---|---|---|---|---|---|---|---|---|---|---|
| Non-fiction | Shahdara Branch | Shahdara Branch | 21/04/2015 | DBAD | 295.00 | N DHA | EN-96378 | 1 | 295.00 | English Books |
